000 01349cam a22003497i 4500
001 8539
003 FISKH
005 20250918141336.0
008 140903r20142010enka j e 001 0 eng d
010 _a 2014395934
020 _a9781435156395
_qpbk
020 _a1435156390
_qpbk
020 _a9781782094432
040 _aPLJ
_beng
_cPLJ
_erda
_dOCLCF
_dDLC
050 0 0 _aQL672.2
_b.T39 2014
082 0 0 _a598.03
_223
100 1 _aTaylor, Barbara,
_d1954-
245 1 0 _aMini encyclopedia, birds /
_cauthors Barbara Taylor, Jinny Johnson.
260 _aEssex :
_bMiles Kelly,
_c2010.
300 _a384 pages :
_bcolor illustrations ;
_c17 cm
500 _aIncludes index.
520 _aCrammed with information on feathers, flight, camouflage, eggs, migration, songs and sounds, food, senses, nests, colonies, habitats, identification, conservation, and much more.--
_cSouce other than Library of Congress.
534 _pOriginally published:
_c2010,
_nunder title:
_tBirds.
650 0 _aBirds
_vEncyclopedias.
650 7 _aBirds.
_2fast
_0(OCoLC)fst00832970
655 7 _aEncyclopedias.
_2fast
_0(OCoLC)fst01423798
655 7 _aEncyclopedias.
_2lcgft
_0https://id.loc.gov/authorities/genreForms/gf2014026092
700 1 _aJohnson, Jinny,
_d1949-
906 _a7
_bcbc
_ccopycat
_d2
_encip
_f20
_gy-gencatlg
942 _2ddc
_cBK
_n0
999 _c8539
_d8539